000 00705cam a22002413a 4500
001 9414
003 PGUSA
005 20140828083211.0
008 051201s2005||||xxu|||||s|||||000 1 eng d
040 _aPGUSA
_beng
042 _adc
050 4 _aPR
100 1 _aEdgeworth, Maria,
_d1767-1849
245 1 0 _aTales and Novels — Volume 05 :
_bTales of a Fashionable Life
_h[electronic resource] /
_cMaria Edgeworth
260 _bProject Gutenberg,
_c2005
505 0 _aManoeuvring -- Almeria -- Vivian.
506 _aPublic domain in the USA.
516 _aElectronic text
653 _aFiction
830 0 _aProject Gutenberg
_v9414
856 4 0 _uhttp://www.gutenberg.org/ebooks/9414
942 _cEB
999 _c238670
_d238670